00814nam a2200265Ia 450000500170000000800410001702000180005810000270007624500290010325000180013230000250015049000200017565000360019565000400023165000370027165000430030894200150035126400330036633600270039933700330042633800280045904000350048708400110052299900150053320220317001418.0161108s2011 ck g 000 0 spa  a97895888204841 aAllende, Isabeld1942-10aEva LunacIsabel Allende a2a. edición a286 páginasc18 cm aContemporánea142LEMBaNovela chilena ySiglo XX142LEMBaLiteratura chilena ySiglo XX142LEMB aMujeres en la literatura 142LEMBaVida cotidiana en la literatura  2loccBKLIT aBogotábDebolsilloc[2011] atextobtxt2rdacontent asin mediaciónbn2rdamedia avolumenbnc2rdacarrier aCO-BoRNBPbspaerdacCO-BoRNBP aN ALL2 c6897d6897